000
00255nam a22001097a 4500
008
160519b xxu||||| |||| 00| 0 eng d
020
_a
0030124115
041
_a
eng
080
_a
573
245
_a
Comparative physiology:
_c
Leon Goldstein;
942
_2
udc
_c
BK
999
_c
2258
_d
2258